00779 am a2200205 a 450000500170000000800410001702000180005804100080007610000230008424500730010725000110018026000710019130000160026250001320027865300270041065300340043765300430047165300290051465300300054320240229110755.0100316s2009||||ag a f |||| 000 0 spa d a9789870569510 aspa1 aZingoni, Emilio F. aCrenoterapia respiratoria.bTermas de Copahue / cEmilio F. Zingoni. a1a ed. aNeuquén [Patagonia Argentina]: bEdiciones Patagónicas;c2009. a195 p.bil. aZingoni, E. F. (2009). Crenoterapia respiratoria. Termas de Copahue. (1a ed.). Neuquén (Argentina) : Ediciones Patagónicas. aCrenoterapia en O.R.L. aCrenoterapia en O.R.L. azufre aFisiología de la mucosa respiratoria aTrabajos en crenoterapia aCopahue. Manejo de termas